[Event "EIWCC 2017"]
[Site "Riga"]
[Date "2017.04.17"]
[Round "7"]
[White "Skripchenko, Almira"]
[Black "Cosma, Elena-Luminita"]
[Result "1/2-1/2"]
[WhiteElo "2420"]
[BlackElo "2316"]
[Annotator "TA"]
[PlyCount "55"]
[EventDate "2017.??.??"]
[EventType "swiss"]
[EventCountry "LAT"]
[SourceTitle "playchess.com"]
[Source "ChessBase"]
[SourceQuality "1"]

{[%evp 17,55,24,25,11,10,10,14,17,20,14,15,4,4,11,22,14,22,34,34,15,21,13,21,9,13,0,22,0,14,0,22,0,14,8,6,0,13,6,16,5]} 1. e4 e6 2. d4 d5 3. Nd2 c5 4. exd5 exd5 5. Ngf3 Nc6 6. Bb5 cxd4 7. O-O Bd6 8. Nb3 Nge7 9. Nbxd4 O-O 10. Bd3 {C09: French Tarrasch: 3...c5 4 exd5 exd5 5 Ngf3 Nc6} Nxd4 (10... h6 11. h3 Ng6 12. c3 Qf6 13. Be3 Nf4 14. Bxf4 Bxf4 15. Re1 Bc7 16. Bf1 Bb6 17. Qd2 Bd7 {½-½ (33) Hansen,C (2621)-Agdestein,S (2620) Oslo 2015}) 11. Nxd4 Nc6 12. Be3 Ne5 13. h3 $146 (13. Re1 Ng4 14. h3 Bh2+ 15. Kf1 Nxe3+ 16. Rxe3 Bf4 17. Re1 Qb6 {0-1 (71) Cakl,M (2092)-Spagnoli,E ICCF email 2012}) 13... a6 14. c3 Nxd3 15. Qxd3 Qf6 16. Rfd1 Bc7 17. Nf3 Be6 18. Bd4 (18. Ng5 $5 {creates asymmetry.} g6 19. Nf3 Rfe8 20. Bg5 Qg7 21. Qd2) 18... Qg6 {The position is equal.} 19. Qxg6 hxg6 20. Be5 Bb6 21. Bd4 Bc7 22. Be5 Bb6 23. Bd4 Bc7 24. Be5 Bb6 25. Ne1 Rfe8 26. Bd4 Bc7 27. Nc2 f6 28. Ne3 1/2-1/2

[Event "EIWCC 2017"]
[Site "Riga"]
[Date "2017.04.17"]
[Round "7"]
[White "Szczepkowska, Karina"]
[Black "Buksa, Nataliya"]
[Result "0-1"]
[WhiteElo "2414"]
[BlackElo "2314"]
[Annotator "TA"]
[PlyCount "64"]
[EventDate "2017.??.??"]
[EventType "swiss"]
[EventCountry "LAT"]
[SourceTitle "playchess.com"]
[Source "ChessBase"]
[SourceQuality "1"]

{[%evp 19,64,27,40,25,39,39,32,32,53,59,47,-9,-4,-14,-20,-50,-58,-83,-41,-117,-72,-62,-86,-95,-59,-79,-48,-59,-76,-87,-67,-110,-79,-1685,-1573,-6295,-6229,-2151,-1586,-1500,-413,-1479,-1497,-1402,-1319,-6311,-6046]} 1. d4 Nf6 2. c4 e6 3. Nf3 a6 4. Nc3 d5 5. cxd5 exd5 6. Bg5 {D37: Queen's Gambit Declined: 5 Bf4} Be6 7. e3 Nbd7 8. Bd3 h6 9. Bh4 g5 10. Bg3 Nh5 {LiveBook: 20 Games} 11. Qc2 Nxg3 12. hxg3 Bg7 13. O-O-O c6 14. Kb1 $146 Rc8 15. Rhe1 ({White should play} 15. Na4 $14) 15... b5 $11 {[%cal Bb7b5,Bb5b4][%mdl 32]} 16. e4 O-O 17. Rh1 Re8 18. Rde1 Qb6 19. Qd2 (19. exd5 $15 cxd5 20. Bh7+ Kf8 21. Qd2) 19... b4 20. Na4 Qa5 {[#] Strongly threatening ...dxe4.} 21. b3 dxe4 22. Rxe4 Bf5 23. Rxe8+ Rxe8 24. Rc1 Qd5 $36 {[%mdl 2048] Black fights for an advantage.} 25. Nc5 g4 26. Nxd7 $2 {[%mdl 8192]} (26. Nh4 $17 Bxd3+ 27. Qxd3) 26... gxf3 $19 ({And not} 26... Bxd7 27. Rc5 Qd6 28. Ne5 $11) 27. Nc5 Qxd4 {[#] ( -> ...Re2)} 28. gxf3 Bxd3+ 29. Nxd3 Qa1+ 30. Kc2 Qxa2+ {Black is clearly winning.} 31. Kd1 Qxb3+ 32. Qc2 Qd5 0-1

[Event "EIWCC 2017"]
[Site "Riga"]
[Date "2017.04.17"]
[Round "7"]
[White "Nechaeva, Marina"]
[Black "Gara, Anita"]
[Result "1-0"]
[WhiteElo "2395"]
[BlackElo "2354"]
[Annotator "TA"]
[PlyCount "117"]
[EventDate "2017.??.??"]
[EventType "swiss"]
[EventCountry "LAT"]
[SourceTitle "playchess.com"]
[Source "ChessBase"]
[SourceQuality "1"]

{[%evp 26,117,18,7,9,0,0,0,0,-53,0,0,13,0,11,-75,-63,-107,-93,-76,-33,-115,-37,-118,-97,-95,-103,-101,-108,-94,0,0,0,0,0,7,30,22,224,140,363,372,371,366,374,322,368,368,364,362,346,350,344,249,407,407,400,393,393,393,392,392,496,486,501,487,451,469,465,437,673,522,714,698,695,691,676,675,731,726,703,702,680,675,2317,1998,29971,29972,29968,12224,5401,4145,4137,4133]} 1. d4 d6 2. Nf3 Nf6 3. c4 g6 4. g3 Bg7 5. Bg2 O-O 6. O-O Nc6 7. Nc3 e5 8. d5 Nb8 9. e4 a5 {E62: King's Indian: Fianchetto: 6...c6 and Panno Variation (6...Nc6) without ...a6} 10. Ne1 Na6 11. Nd3 Nd7 12. Be3 Ndc5 13. Nxc5 Nxc5 14. Qd2 {LiveBook: 3 Games} b6 15. b3 $146 (15. Rae1 Ba6 16. b3 f5 17. f3 {1-0 (59) Ruck,R (2563)-Piorun,K (2681) Katowice 2016}) 15... Bd7 16. Rab1 f5 {[%cal Bf7f5,Bf5f4][%mdl 32]} 17. f3 (17. exf5 $11 Bxf5 18. Rbd1) 17... Qf6 (17... f4 $1 $15 18. Bf2 (18. gxf4 exf4 19. Bd4 Be5 $11) 18... Bf6) 18. Ne2 $11 Qe7 19. Rfe1 Rf7 20. Nc1 (20. exf5 $11 {remains equal.} Rxf5 21. Nc3) 20... f4 $17 (20... fxe4 21. fxe4 Raf8 22. Nd3 $11) 21. Bf2 (21. gxf4 exf4 22. Bxf4 Raf8 $11) 21... h5 22. a3 Bh6 {Hoping for ...fxg3.} 23. Qc3 (23. gxf4 $15 Bxf4 24. Be3) 23... Bg5 ({Black should play} 23... fxg3 $17 24. hxg3 Bg5) 24. b4 (24. gxf4 $1 $15 Bxf4 25. Ne2) 24... axb4 25. axb4 Na4 26. Qc2 fxg3 27. hxg3 Rh7 (27... h4 $17 28. gxh4 Bxh4) 28. Ra1 $1 $11 {[#] Threatens to win with b5.} b5 29. cxb5 Bxb5 30. Ne2 h4 31. Nc3 $36 {[%mdl 2048] White has some pressure.} Bd7 $2 {[#]} (31... hxg3 $11 32. Bxg3 Qe8) 32. Nxa4 $18 h3 $2 (32... hxg3 $16 {was called for.} 33. Bxg3 Bh4) 33. Bf1 (33. Qxc7 $2 hxg2 34. Qc3 Bxa4 $19) 33... Qf8 34. Be2 Rf7 35. Nb2 Rxa1 36. Rxa1 Rxf3 37. Ra8 (37. Bxf3 $2 Qxf3 38. Be1 Be3+ 39. Kh2 Qf1 $19) 37... Qxa8 38. Bxf3 Qa1+ 39. Nd1 Ba4 $2 (39... Qa3 {keeps fighting.} 40. Be2 (40. Qc3 Qxc3 41. Nxc3 Bd2 $18) 40... Qxb4) 40. Qb2 ({And not} 40. Qxc7 Bxd1 41. Qc8+ Kg7 42. Bxd1 (42. Qd7+ Kg8 43. Qe8+ Kg7 44. Bxd1 Qxd1+ 45. Kh2 Qf1 46. Qd7+ Kf8 47. Qc8+ Kg7 48. Qd7+ Kg8 49. Qc8+ Kg7 50. Qd7+ $11) 42... Qxd1+ 43. Kh2 Qf1 44. Qd7+ Kg8 45. Qc8+ Kg7 46. Qd7+ Kg8 47. Qc8+ Kg7 $11) 40... Qxb2 41. Nxb2 Bb5 42. Be1 Bc1 43. Nd1 g5 44. Kh2 Bd7 45. Nf2 Kf7 46. Bg4 Bb5 47. Nxh3 ({Don't do} 47. Kxh3 Bf1+ 48. Kh2 Be3 $18) 47... c6 (47... Bf1 $142 48. Nf2 Kf6) 48. Nf2 cxd5 49. exd5 Ke7 50. Ne4 Bd3 51. Bf5 Bc4 52. Be6 Bd3 53. Bd2 Bxd2 54. Nxd2 Kf6 55. Kg2 e4 56. Kf2 Ke5 57. Ke3 g4 58. Bxg4 Kxd5 59. Bf5 1-0

[Event "EIWCC 2017"]
[Site "Riga"]
[Date "2017.04.17"]
[Round "7"]
[White "Tsolakidou, Stavroula"]
[Black "Galojan, Lilit"]
[Result "1-0"]
[WhiteElo "2395"]
[BlackElo "2290"]
[Annotator "TA"]
[PlyCount "141"]
[EventDate "2017.??.??"]
[EventType "swiss"]
[EventCountry "LAT"]
[SourceTitle "playchess.com"]
[Source "ChessBase"]
[SourceQuality "1"]

{[%evp 13,141,12,18,0,0,0,0,0,10,0,0,0,0,0,0,0,0,-12,0,0,0,0,0,-27,-20,-12,26,20,23,18,26,0,0,0,0,0,0,0,39,42,33,42,43,43,40,42,42,41,70,64,63,35,62,59,80,60,56,60,91,59,81,47,46,46,52,41,49,40,62,54,54,54,45,36,64,26,40,27,39,12,39,34,34,33,61,61,63,51,87,21,87,29,290,104,113,112,108,112,184,195,265,131,408,416,430,361,602,0,601,575,551,538,531,355,516,333,268,202,193,185,271,273,266,257,308,310,367,333,29984,29985]} 1. d4 Nf6 2. c4 e6 3. g3 d5 4. Bg2 dxc4 5. Nf3 Nc6 6. Qa4 Bb4+ 7. Bd2 Nd5 8. Qb5 {E04: Open Catalan: 5 Nf3} Bxd2+ 9. Nbxd2 c3 10. bxc3 {The position is equal.} Nxc3 11. Qd3 (11. Qb2 Na4 12. Qc2 Nb6 13. e3 O-O 14. O-O Qe7 15. Rac1 Rd8 {0-1 (57) Harikrishna,P (2755)-Bu,X (2723) Danzhou 2016}) 11... Nd5 12. O-O O-O 13. Rac1 Qe7 14. Rfd1 Rd8 15. e4 Nb6 16. Nb3 $146 Rb8 17. Qb1 Bd7 18. Nfd2 {[%cal Bf3d2,Bd2f1,Bf1e3][%mdl 32]} Be8 19. Nf1 f6 20. Ne3 Bg6 21. Qb2 Kh8 22. d5 exd5 23. exd5 Ne5 24. Qc3 c6 25. f4 Nd3 (25... Na4 $5 {is interesting.} 26. Qd4 Nd7 27. d6 Qe8 28. Re1 Ndb6) 26. Rxd3 Bxd3 27. Qxd3 Nxd5 28. Nxd5 cxd5 29. Nd4 Rbc8 30. Rd1 {[%mdl 1024] White has compensation.} Qc5 31. Bh3 Rc7 32. Kh1 Qc4 33. Qd2 Qa4 34. Bf5 {Threatens to win with Ne6.} Re8 35. Kg2 (35. Ne6 Rxe6 36. Bxe6 Qe4+ 37. Kg1 Qxe6 38. Qxd5 Qxd5 39. Rxd5 Kg8 $17) 35... g6 36. Bg4 Qc4 37. Bf3 Qc3 38. Qf2 {[#] aiming for Nb5.} Qe3 39. Qb2 Qc3 40. Qb1 Rce7 41. Qb5 (41. Bxd5 Rd7 42. Rd3 (42. Qb5 Red8 43. Rd3 Qe1 $19) 42... Qc5 $17) 41... Rc8 ({Don't play} 41... a6 $6 42. Qb6 $16 (42. Qxd5 Qb2+ 43. Kh3 Qb6 $16)) 42. f5 Rc5 43. Qb1 Rc4 44. Qd3 (44. Rd3 $5 {with more complications.} Qc1 45. Qb3 Qe1 46. Rd1 Qb4 47. Qd3) 44... Qxd3 45. Rxd3 Re5 46. g4 h5 47. h3 hxg4 48. hxg4 gxf5 49. Nxf5 Rc5 50. Kg3 b6 51. Ne3 ({Better is} 51. Rd1 $16) 51... Ra5 (51... Re8 $11) 52. a3 ({Much weaker is} 52. Bxd5 $6 Rxe3+ 53. Rxe3 Rxd5 $11) ({White should play} 52. Nxd5 $16 Rxa2 53. Nxf6) 52... d4 $2 {[%mdl 8192]} (52... Re7 $11 {and Black has nothing to worry.}) 53. Nf5 $2 (53. Nc4 $18 {is the precise move to win.}) 53... Kg8 54. Nxd4 {Hoping for Nc6.} Rac5 55. Nf5 Kf8 (55... Ra5 $16) 56. Rd8+ $18 Re8 (56... Kf7 $142 57. Rd7+ Kf8 58. Rxa7 Rc3) 57. Rd7 (57. Rd6 $18 {and the rest is easy.}) 57... Ra5 $2 {[%mdl 8192]} (57... Rc3 $16 {keeps fighting.}) 58. Bd5 Rxa3+ {[#]} 59. Kh4 $1 {White wants to mate with Rf7+.} Re5 $2 (59... Re2 60. Rd8+ (60. Rf7+ Ke8 61. Rxf6 Kd8 $18) 60... Re8) 60. Rd8+ Re8 61. Rd6 {[%cal Rd6f6]} Re5 62. Rxf6+ Ke8 63. Bc6+ Kd8 64. Rf7 Rd3 65. Rxa7 b5 66. Rb7 Re6 (66... Rc5 $142) 67. Bxb5 Rd1 68. Kg5 Re4 69. Bc6 Rc4 70. Bf3 Rc3 $2 (70... Rd2 $18 71. Rb5 Kc7) 71. Bxd1 1-0

[Event "EIWCC 2017"]
[Site "Riga"]
[Date "2017.04.17"]
[Round "7"]
[White "Zimina, Olga"]
[Black "Hoang, Thanh Trang"]
[Result "1/2-1/2"]
[WhiteElo "2395"]
[BlackElo "2459"]
[Annotator "TA"]
[PlyCount "58"]
[EventDate "2017.??.??"]
[EventType "swiss"]
[EventCountry "LAT"]
[SourceTitle "playchess.com"]
[Source "ChessBase"]
[SourceQuality "1"]

{[%evp 15,58,36,35,12,13,14,20,25,21,14,18,0,0,0,0,0,0,-8,-9,-40,0,-33,-50,-58,31,15,33,7,16,5,12,20,89,36,38,39,64,0,0,0,65,0,0,0,59]} 1. Nf3 f5 2. c4 Nf6 3. g3 g6 4. Bg2 Bg7 5. d4 O-O 6. O-O d6 7. Nc3 c6 8. Rb1 a5 9. d5 {A88: Dutch Defence: Leningrad System: 5 Nf3 0-0 6 0-0 d6 7 Nc3 c6} (9. Qb3 h6 10. Rd1 Kh7 11. c5 Na6 12. cxd6 exd6 13. d5 c5 14. Nd2 Nc7 15. Nc4 a4 16. Qc2 b5 {1-0 (43) Wang,Y (2718)-Ivanchuk,V (2710) Huaian 2016}) 9... e5 10. dxe6 Bxe6 11. b3 Na6 12. Bb2 Qe7 13. Nd4 Bf7 14. e3 $146 (14. Re1 Nc5 15. Qc2 Rfe8 16. Rbd1 Rad8 {1-0 (61) Ushenina,A (2452)-Kosintseva,N (2554) Rijeka 2010}) 14... Nc5 15. Qc2 Rfe8 16. a3 Ng4 {...Nxe3! is the strong threat.} 17. Rbd1 Ne5 18. Rfe1 {[#]} a4 $1 {[%mdl 512] White must now prevent ...axb3.} 19. b4 (19. bxa4 Bxc4) 19... Ncd7 ({Much worse is} 19... Nxc4 $6 20. bxc5 dxc5 21. Nde2 $14) ({Better is} 19... Ne4 $1 $15 20. Nxe4 fxe4 21. Qxe4 Nxc4 22. Qxe7 Rxe7) 20. b5 $14 {[%cal Rb5c6]} Nxc4 21. bxc6 bxc6 22. Nxc6 Qf8 $1 23. Ba1 Ndb6 (23... Rac8 $11) 24. Nb5 (24. Qb1 $16) 24... Bxa1 25. Rxa1 Rac8 26. Nba7 Rc7 {Black wants to play ...d5.} 27. Nb5 Rcc8 28. Nba7 Rc7 29. Nb5 Rcc8 1/2-1/2

[Event "EIWCC 2017"]
[Site "Riga"]
[Date "2017.04.17"]
[Round "7"]
[White "Michna, Marta"]
[Black "Berzina, Ilze"]
[Result "1/2-1/2"]
[WhiteElo "2389"]
[BlackElo "2297"]
[Annotator "RC"]
[PlyCount "168"]
[EventDate "2017.??.??"]
[EventType "swiss"]
[EventCountry "LAT"]
[SourceTitle "playchess.com"]
[Source "ChessBase"]
[SourceQuality "1"]
[TimeControl "40/5400+30:1800+30"]

1. b3 {[%emt 0:00:00]} e5 {[%emt 0:01:54]} 2. Bb2 {[%emt 0:00:00]} Nc6 {[%emt 0:00:23]} 3. e3 {[%emt 0:00:46]} d5 {[%emt 0:01:24]} 4. Bb5 {[%emt 0:02:45]} Bd6 {[%emt 0:07:53]} 5. f4 {[%emt 0:01:14]} Qe7 {[%emt 0:01:37]} 6. Nf3 {[%emt 0:01:53]} Bg4 {[%emt 0:06:44]} 7. h3 {[%emt 0:01:39]} Bxf3 {[%emt 0:00:40]} 8. Qxf3 {[%emt 0:00:28]} Nf6 {[%emt 0:01:25]} 9. O-O {[%emt 0:03:28]} O-O {[%emt 0:05:58]} 10. Nc3 {[%emt 0:17:45]} a6 {[%emt 0:06:32]} 11. Bxc6 {[%emt 0:03:02]} bxc6 {[%emt 0:02:17]} 12. Rae1 {[%emt 0:01:34]} Rfe8 {[%emt 0:04:02]} 13. Re2 {[%emt 0:02:59]} Rab8 {[%emt 0:05:40]} 14. g4 {[%emt 0:09:05]} Nd7 {[%emt 0:06:13]} 15. Rfe1 {[%emt 0:08:49]} Qh4 {[%emt 0:02:29]} 16. Rf1 {[%emt 0:04:20]} Re6 {[%emt 0:08:07]} 17. Rg2 {[%emt 0:09:04]} exf4 {[%emt 0:08:27]} 18. Ne2 {[%emt 0:01:56]} Ne5 {[%emt 0:07:22]} 19. Bxe5 {[%emt 0:01:08]} Rxe5 {[%emt 0:02:23]} 20. Nxf4 {[%emt 0:07:18]} Qe7 {[%emt 0:06:02]} 21. Nh5 {[%emt 0:02:57]} Re4 {[%emt 0:02:27]} 22. Rgf2 {[%emt 0:02:18]} Rf8 {[%emt 0:03:35]} 23. Rg2 {[%emt 0:05:55]} h6 {[%emt 0:03:42]} 24. Ng3 {[%emt 0:03:25]} Bxg3 {[%emt 0:00:13]} 25. Qxg3 {[%emt 0:00:02]} c5 {[%emt 0:02:41]} 26. Rf5 {[%emt 0:00:26]} d4 {[%emt 0:00:14]} 27. exd4 {[%emt 0:00:57]} cxd4 {[%emt 0:00:12]} 28. g5 {[%emt 0:00:40]} h5 {[%emt 0:00:11]} 29. g6 {[%emt 0:00:54]} fxg6 {[%emt 0:00:23]} 30. Rxf8+ {[%emt 0:01:45]} Qxf8 {[%emt 0:02:06]} 31. Qxg6 {[%emt 0:05:43]} Re1+ {[%emt 0:00:07]} 32. Kh2 {[%emt 0:00:01]} h4 {[%emt 0:00:28]} 33. Qh6 {[%emt 0:00:23]} Qe7 {[%emt 0:01:09]} 34. Qf4 {[%emt 0:00:44]} c5 {[%emt 0:00:53]} 35. Rf2 {[%emt 0:00:48]} Re2 {[%emt 0:01:18]} 36. Kg2 {[%emt 0:00:27]} Re5 {[%emt 0:00:24]} 37. Kh2 {[%emt 0:00:34]} Re2 {[%emt 0:00:19]} 38. Kg2 {[%emt 0:00:25]} Re4 {[%emt 0:00:38]} 39. Qf5 {[%emt 0:00:14]} Re5 {[%emt 0:00:19]} 40. Qc8+ {[%emt 0:00:00]} Kh7 {[%emt 0:00:02]} 41. Qxa6 {[%emt 0:03:09]} Rg5+ {[%emt 0:18:35]} 42. Kf1 {[%emt 0:00:04]} Rg6 {[%emt 0:01:42]} 43. Qd3 {[%emt 0:03:57]} Qb7 {[%emt 0:04:13]} 44. a4 {[%emt 0:02:17]} Kh6 {[%emt 0:01:48]} 45. Qf3 {[%emt 0:02:05]} Qa6+ {[%emt 0:00:08]} 46. Qe2 {[%emt 0:07:26]} Qc6 {[%emt 0:00:26]} 47. Qf3 {[%emt 0:00:33]} Qa6+ {[%emt 0:00:08]} 48. d3 {[%emt 0:01:38]} Rf6 {[%emt 0:00:34]} 49. Qe4 {[%emt 0:01:38]} Rxf2+ {[%emt 0:02:16]} 50. Kxf2 {[%emt 0:00:02]} Qf6+ {[%emt 0:00:07]} 51. Ke2 {[%emt 0:00:20]} Qg5 {[%emt 0:00:19]} 52. a5 {[%emt 0:00:59]} Qc1 {[%emt 0:02:35]} 53. Qxh4+ {[%emt 0:00:58]} Kg6 {[%emt 0:00:01]} 54. Qg3+ {[%emt 0:02:26]} Kh7 {[%emt 0:00:13]} 55. Qh4+ {[%emt 0:01:49]} Kg8 {[%emt 0:00:16]} 56. Qe4 {[%emt 0:01:37]} Qxc2+ {[%emt 0:00:12]} 57. Kf3 {[%emt 0:00:02]} Qxb3 {[%emt 0:01:16]} 58. a6 {[%emt 0:00:29]} Qd1+ {[%emt 0:01:00]} 59. Qe2 {[%emt 0:00:53]} Qh1+ {[%emt 0:00:42]} 60. Kg3 {[%emt 0:01:34]} Qa1 {[%emt 0:02:18]} 61. Qe6+ {[%emt 0:00:52]} Kh7 {[%emt 0:00:11]} 62. Qf5+ {[%emt 0:00:54]} Kh8 {[%emt 0:01:26]} 63. Qh5+ {[%emt 0:01:43]} Kg8 {[%emt 0:00:02]} 64. Qd5+ {[%emt 0:01:24]} Kh7 {[%emt 0:00:17]} 65. Qf5+ {[%emt 0:01:56]} Kh6 {[%emt 0:00:57]} 66. Qf4+ {[%emt 0:00:28]} Kh7 {[%emt 0:00:29]} 67. Qe4+ {[%emt 0:00:05]} Kh6 {[%emt 0:01:15]} 68. Qe6+ {[%emt 0:00:13]} g6 {[%emt 0:00:23]} 69. Kf4 {[%emt 0:03:32]} Qf1+ {[%emt 0:00:49]} 70. Ke5 {[%emt 0:00:30]} Qxd3 {[%emt 0:00:59]} 71. a7 {[%emt 0:00:12]} Qg3+ {[%emt 0:00:36]} 72. Kf6 {[%emt 0:01:28]} Qf4+ {[%emt 0:00:15]} 73. Ke7 {[%emt 0:00:04]} Qc7+ {[%emt 0:00:40]} 74. Qd7 {[%emt 0:00:03]} Qe5+ {[%emt 0:00:14]} 75. Kd8 {[%emt 0:00:03]} Qe4 {[%emt 0:01:02]} 76. Kc7 {[%emt 0:00:22]} d3 {[%emt 0:00:19]} 77. Qd8 {[%emt 0:00:42]} Qf4+ {[%emt 0:00:25]} 78. Kc8 {[%emt 0:01:08]} Qf5+ {[%emt 0:00:16]} 79. Kc7 {[%emt 0:00:46]} Qf4+ {[%emt 0:00:15]} 80. Kc8 {[%emt 0:00:22]} Qf5+ {[%emt 0:00:05]} 81. Kb7 {[%emt 0:00:18]} Qe4+ {[%emt 0:00:40]} 82. Kc7 {[%emt 0:00:26]} Qf4+ {[%emt 0:00:05]} 83. Kc8 {[%emt 0:00:52]} Qf5+ {[%emt 0:00:08]} 84. Kc7 {[%emt 0:00:47]} Qf4+ {[%emt 0:00:12]} 1/2-1/2

[Event "EIWCC 2017"]
[Site "Riga"]
[Date "2017.04.17"]
[Round "7"]
[White "Papp, Petra"]
[Black "Zherebtsova, Alexandra"]
[Result "1/2-1/2"]
[WhiteElo "2378"]
[BlackElo "2222"]
[Annotator "TA"]
[PlyCount "49"]
[EventDate "2017.??.??"]
[EventType "swiss"]
[EventCountry "LAT"]
[SourceTitle "playchess.com"]
[Source "ChessBase"]
[SourceQuality "1"]

{[%evp 37,49,-33,-35,-28,0,0,0,0,0,0,0,0,0,0]} 1. e4 e5 2. Nf3 Nc6 3. Bb5 a6 4. Ba4 Nf6 5. O-O Be7 6. Re1 b5 7. Bb3 d6 8. c3 O-O 9. h3 Na5 10. Bc2 c5 11. d4 Nd7 12. Nbd2 exd4 13. cxd4 Nc6 14. d5 Nce5 15. Nxe5 {C96: Closed Ruy Lopez: Chigorin Defence: 11 d4, replies other than 11...Qc7} (15. a4 Bb7 16. Qe2 Rb8 17. Nxe5 Nxe5 18. axb5 axb5 19. Nf1 Re8 20. Ne3 Bf6 21. Bd2 Bc8 22. Ba5 Qe7 {0-1 (42) Topalov,V (2739)-Anton Guijarro,D (2650) Caleta 2017}) 15... Nxe5 16. f4 Ng6 17. Nf3 Bh4 18. Rf1 Bg3 19. f5 Ne5 {LiveBook: 7 Games} 20. Ng5 $1 {[#] Black must now prevent Qh5.} h6 21. f6 $1 {And now Qh5 would win.The position is equal.} gxf6 $146 (21... hxg5 22. Bxg5 g6 {0-1 (41) Matthiesen,M (2365)-Schandorff,L (2536) Aalborg 2007}) 22. Nf3 Kg7 $1 23. a4 b4 24. a5 Rh8 25. Qe2 1/2-1/2

[Event "EIWCC 2017"]
[Site "Riga"]
[Date "2017.04.17"]
[Round "7"]
[White "Savina, Anastasia"]
[Black "Komiagina, Maria"]
[Result "1/2-1/2"]
[WhiteElo "2378"]
[BlackElo "2247"]
[Annotator "TA"]
[PlyCount "86"]
[EventDate "2017.??.??"]
[EventType "swiss"]
[EventCountry "LAT"]
[SourceTitle "playchess.com"]
[Source "ChessBase"]
[SourceQuality "1"]

{[%evp 11,86,13,20,14,19,24,24,14,20,20,16,16,33,11,14,0,0,0,43,21,151,131,148,138,142,147,150,141,147,139,149,144,160,112,177,86,93,80,242,222,381,385,398,175,166,170,155,159,147,120,111,27,39,0,0,0,0,0,0,0,0,-472,-474,-474,-449,-438,-435,-501,-488,-436,-437,-426,0,-393,0,-301,0]} 1. d4 Nf6 2. c4 e6 3. Nc3 d5 4. cxd5 exd5 5. Bg5 Be7 6. e3 h6 7. Bf4 {D35: Queen's Gambit Declined: Exchange Variation} (7. Bh4 c6 8. Bd3 O-O 9. Nf3 Ne4 10. Bg3 Bf5 11. Qc2 Bb4 12. O-O Nxg3 13. hxg3 Bxd3 14. Qxd3 Nd7 15. g4 Re8 16. g3 Bxc3 17. bxc3 Nf6 {½-½ (95) Li,C (2720)-Hou,Y (2651) Sharjah 2017}) 7... Bd6 8. Bxd6 Qxd6 9. Qc2 {White has an edge.} c6 10. Nf3 O-O 11. Bd3 Re8 12. h3 a5 $146 (12... Nbd7 13. O-O Qe7 14. Rab1 b6 15. Qa4 {1-0 (57) Mareco,S (2503)-Gonzalez,B (2269) Curitiba 2009}) 13. Ne5 Na6 14. a3 Qe7 15. O-O Ne4 (15... Nc5 $11 {keeps the balance.}) 16. Nxe4 $16 dxe4 17. Bxe4 Be6 18. f4 a4 19. Bh7+ Kh8 20. Bd3 Kg8 21. Rae1 Nc7 22. g4 Rad8 (22... Bd5 $16 23. Kh2 Bb3) 23. Qg2 (23. Qxa4 $18 {has better winning chances.} f6 24. Ng6) 23... Bd5 24. Qg3 Qd6 $2 (24... f6 $16) 25. g5 $18 hxg5 $2 (25... Bb3 26. gxh6 Qxh6) 26. fxg5 (26. Qxg5 Re6 27. Kh2 Ne8 $16) 26... Bb3 {[#]} 27. Qh4 (27. Rf6 $142 $3 {[%mdl 512]} Qd5 (27... gxf6 28. gxf6+) 28. Rf5) 27... Rxe5 28. Bh7+ Kf8 29. dxe5 Qxe5 30. Bg6 Rd2 {[%csl Gd2][%cal Re5h2]} 31. Qb4+ (31. Rf4 $1 $16 Qxb2 32. Qg3 (32. Qh8+ Ke7 33. Be4 Ne6 $11)) 31... Rd6 $11 32. Be4 Na6 ({Don't play} 32... Qg3+ $6 33. Bg2 $16 (33. Kh1 Na6 34. Qxb7 Rd2 35. Qc8+ Ke7 36. Qb7+ Kf8 37. Qc8+ Ke7 38. Qb7+ Kf8 $11)) 33. Qxb7 Qxe4 34. Qxa6 {Black must now prevent Qa8+.} Bd5 $40 {[%csl Gd5][%cal Re4g2][%mdl 128] Black mounts an attack.} 35. Qc8+ Ke7 {[%csl Gd5][%cal Re4g2]} 36. Re2 $2 {[%mdl 8192] [#]} (36. Qc7+ $11 Ke8 37. Qb8+ Kd7 38. Re2 Qh1+ 39. Kf2 Qxh3 40. Qb7+ Ke8 41. Qb4) 36... Qh1+ $1 $19 37. Kf2 Qh2+ 38. Ke1 Qg3+ 39. Rff2 {[#] And now Qg4 would win.} Bb3 $1 {[%csl Gb3][%cal Rd6d1]} 40. Qb7+ Ke8 {[%csl Gb3][%cal Rd6d1]} 41. Qc8+ Ke7 {[%csl Gb3][%cal Rd6d1]} 42. Qb7+ $1 Ke8 {[%csl Gb3][%cal Rd6d1]} 43. Qc8+ Ke7 $2 (43... Rd8 $19 44. Qxc6+ Kf8) 1/2-1/2

[Event "EIWCC 2017"]
[Site "Riga"]
[Date "2017.04.17"]
[Round "7"]
[White "Kovanova, Baira"]
[Black "Batsiashvili, Nino"]
[Result "0-1"]
[WhiteElo "2376"]
[BlackElo "2496"]
[Annotator "TA"]
[PlyCount "82"]
[EventDate "2017.??.??"]
[EventType "swiss"]
[EventCountry "LAT"]
[SourceTitle "playchess.com"]
[Source "ChessBase"]
[SourceQuality "1"]

{[%evp 22,82,-4,-27,-35,-27,-27,-26,-10,-61,-33,-34,-23,-54,-56,-51,-54,-67,-91,-118,-112,-111,-95,-117,-112,-122,-125,-159,-143,-144,-139,-141,-141,-149,-140,-151,-145,-136,-125,-155,-148,-465,-465,-487,-487,-471,-429,-593,-579,-549,-700,-650,-924,-921,-904,-897,-897,-890,-875,-796,-804,-911,-823]} 1. e4 e5 2. Nf3 d6 3. d4 exd4 4. Nxd4 Nf6 5. Nc3 Be7 6. Be2 O-O 7. O-O Re8 8. Re1 Bf8 {C41: Philidor Defence} 9. Bf1 Nbd7 10. Bg5 (10. h3 c6 11. Bf4 Ne5 12. a4 Ng6 13. Bh2 Qc7 14. Qd2 Bd7 15. Rad1 Rad8 16. Kh1 {0-1 (30) Filippov,A (2582)-Kazhgaleyev,M (2582) Almaty 2016}) 10... c6 11. Qd2 h6 12. Bh4 {LiveBook: 15 Games} g5 $1 {[%cal Rg5h4]} 13. Bg3 Nh5 14. Rad1 Nxg3 15. fxg3 $146 (15. hxg3 $11 Ne5 16. a4) (15. hxg3 Ne5 16. Be2 {1-0 (54) Cantelli,A (2296)-Grabner,H (2348) ICCF email 2009}) 15... Ne5 16. Be2 b5 {[%cal Bb7b5,Bb5b4][%mdl 32]} 17. Kh1 b4 $36 {[%mdl 2048] Black is more active.} 18. Na4 c5 19. Nf3 Bb7 20. Bb5 Nxf3 $1 21. gxf3 Re5 {Strongly threatening ...Qa5.} 22. b3 Qf6 23. Qg2 d5 24. Bd3 Rae8 25. f4 {[#]} Rxe4 $1 26. Bxe4 dxe4 27. Re3 c4 28. fxg5 ({Don't go for} 28. bxc4 $2 Bc6 29. fxg5 Qxg5 $19) 28... Qxg5 29. Qf2 c3 30. Rd7 {[#]} Re7 $1 {[%cal Re7d7]} 31. Rxb7 $4 {[%mdl 8192]} (31. Rd1 $17) 31... Rxb7 $19 {Black is clearly winning.} 32. Rxe4 Rd7 33. h4 Rd1+ 34. Re1 Qd5+ 35. Kg1 Rd2 36. Re2 Bg7 {...Bd4 is the strong threat.} 37. Kh2 Kh7 38. Qg2 Qxg2+ 39. Rxg2 Bd4 40. Kh3 f5 41. Rh2 Kg6 0-1